000 00380nam a2200145 4500
008 250926b |||||||| |||| 00| 0 eng d
020 _a9789364552356
082 _a343.5405 BAN
100 _aBansal, K M
245 _aTaxmann Students Guide to GST & Customs Law
250 _a12 edition
260 _aNew Delhi
_bTaxmann Publications
_c2025
300 _aPV
942 _2ddc
_cC
999 _c63831
_d63831